000 00433nam a2200181Ia 4500
001 17752
005 20260306171540.0
008 260306s9999||||xx |||||||||||||| ||und||
041 _aESP
082 _a658.1511
_bH76 2006
100 _aHorngren, Charles T.
_eAUT
245 0 _aContabilidad administrativa
260 _c2006
300 _a720 páginas :
_c27 cm.
650 _aGEN
654 _aCAN
942 _cLIB
_dJUS
_fJUS
_2ddc
_n
999 _c17752
_d17752